What turns you on? Quiz Stats

 Plays Quiz not verified by Sporcle

Challenge
Share
Tweet
Embed
Score 0/30 Timer 05:00
0 Plays Today
% Correct
Feederism
64.6%
Asphyxiophilia
60.6%
Lactophilia
50.4%
Pyrophilia
49.6%
Voyeurism
48.8%
Masochism
47.2%
Vampirism
44.9%
Kleptophilia
42.5%
Podophilia
40.9%
Dendrophilia
37.8%
Nasophilia
37%
Gerontophilia
35.4%
Autassassinophilia
34.6%
Macrophilia
34.6%
Olfactophilia
33.1%
% Correct
Mechanophilia
33.1%
Oculolinctus
30.7%
Trichophilia
30.7%
Stigmatophilia
29.1%
Agalmatophilia
28.3%
Melolagnia
26%
Andromimetophilia
23.6%
Dacryphilia
23.6%
Narratophilia
22.8%
Forniphilia
21.3%
Chremastistophilia
20.5%
Klismaphilia
15%
Maschalagnia
13.4%
Hybristophilia
13.4%
Algolagnia
12.6%

You're not logged in!

Compare scores with friends on all Sporcle quizzes.
OR
Log In

You Might Also Like...

Show Comments

Extras

Created Sep 1, 2014SourceReportNominate

Top Quizzes Today


Score Distribution

Your Account Isn't Verified!

In order to create a playlist on Sporcle, you need to verify the email address you used during registration. Go to your Sporcle Settings to finish the process.

Report this User

Report this user for behavior that violates our Community Guidelines.

Details: